000 00963 a2200253 4500
005 20260303125424.0
008 190521s2015 nyu||||| |||| 00| 0 eng d
020 _a9783319144115
040 _aCO-BoUCM
_bspa
_cSaul Niño
_dSandra Palacio (modificó)
041 0 _aeng
060 _aWB 460
100 1 0 _aDuncan, Scott F. M
_996346
245 1 0 _aTherapy of the hand and upper extremity
_brehabilitation protocols
_cScott F. M. Duncan, Christopher W. Flowers
260 _aNew York
_bSpringer Science+Business Media
_c2015
300 _axvi, 282 páginas
650 7 _915507
_aExtremidades superiores
_xHeridas y lesiones, etc.
650 7 _915507
_aExtremidades superiores
_xTratamiento
650 7 _910898
_aCirugía de la mano
_xRehabilitación
650 7 _926544
_aOrtopedia
650 7 _9361
_aRehabilitación
650 7 _919146
_aMedicina deportiva
700 1 0 _aFlowers, Christopher W.
_996347
942 _cLIBRO
_2NLM
_a15
_e1
_hWB 460
_mD911t
999 _c311933
_d311933